00742nam a2200217Ia 4500003000400000005001700004008004100021020001400062040000700076041000800083082001500091100003500106245007400141260003800215300001400253365001300267906007200280942001200352999001900364952014100383OSt20230417112948.0210423s2007 xx 000 0 und d a393093794 cAL aeng a821.8 TENA aTENNYSON (Alfred Lord).989277 aIn memoriam: an authoritative text backgrounds and sources criticism. aNew YorkbW W Norton & Co.,c2007 ax,261bPB b225cINR aan ; authoritative ; backgrounds ; criticism. ; memoriam: ; sources 2ddccBK c159939d159939 001040708MAENGaSACPGbSACPGd2011-09-07eHigginbothams Pvt Ltdg225.00l0o821.8 TENApPG006418r2022-08-24 00:00:00w2021-04-26yBK